| 000 | 00843cam a2200277 a 4500 | ||
|---|---|---|---|
| 003 | UPN | ||
| 005 | 20240203063609.0 | ||
| 008 | 140127s2011 mx fr 000 0 spa d | ||
| 020 | _a9788415260189 | ||
| 035 | _aUPN01000195229 | ||
| 040 |
_aMX-MxUPN _bspa _cMX-MxUPN |
||
| 049 | _aCG | ||
| 050 | 4 |
_aHQ1121 _bG3.2 |
|
| 100 | 1 |
_aGarcía de León Alvarez, María Antonia _935519 |
|
| 245 | 1 | 0 |
_aCabeza moderna, corazón patriarcal : _bun diagnóstico social de género |
| 260 |
_aBarcelona : _bAnthropos, _c2011. |
||
| 300 | _a129 páginas | ||
| 490 | 0 | _aLibros de la Revista Anthropos | |
| 650 | 4 |
_aFeminismo _98967 |
|
| 650 | 4 |
_aMujeres _xCondiciones sociales _91584 |
|
| 650 | 2 |
_aMujeres _xHistoria y condición de la mujer _91583 |
|
| 902 | _bVíctorGodínez/300922/M | ||
| 905 | _aLibro | ||
| 942 |
_2lcc _cLIBRO |
||
| 999 |
_c167330 _d167330 |
||